Vista normal
Vista MARC
Entrada Encabezamiento temático
Número de registros utilizados en: 1
001 - NÚMERO DE CONTROL
- campo de control: 10223
003 - IDENTIFICADOR DEL NÚMERO DE CONTROL
- campo de control: vecauma
005 - FECHA Y HORA DE LA ÚLTIMA TRANSACCIÓN
- campo de control: 20240130161309.0
008 - DATOS DE LONGITUD FIJA
- campo de control de longitud fija: 240130|| aca||aabn | a|a d
040 ## - FUENTE DE LA CATALOGACIÓN
- Centro catalogador/agencia de origen: vecauma
053 ## - Número de clasificación LC
- Número de clasificación–único número o número inicial: HF5415.34
150 ## - Materia
- Encabezamiento temático: INVESTIGACION MOTIVACIONAL (MERCADEO)
450 ## - REFERENCIA DE “VEASE” MATERIA
- Encabezamiento temático: Motivation research (Marketing)
450 ## - REFERENCIA DE “VEASE” MATERIA
- Encabezamiento temático: Estudios de motivación (Marketing)
450 ## - REFERENCIA DE “VEASE” MATERIA
- Encabezamiento temático: Investigación de la motivación (Marketing)
550 ## - REFERENCIA DE "VEASE ADEMAS" MATERIA
- Encabezamiento temático: INVESTIGACION DE MERCADO
550 ## - REFERENCIA DE "VEASE ADEMAS" MATERIA
- Encabezamiento temático: MOTIVACION
670 ## - FUENTE EN LA QUE SE LOCALIZARON DATOS
- Cita de la fuente: Catálogo de Autoridades de la Biblioteca del Congreso (LCSH),
- Información localizada: [Motivation research (Marketing)]
